ბათუმის შოთა რუსთაველის სახელმწიფო უნივერსიტეტის ბიბლიოთეკა

გზანი წამებისანი. წ. 3 : მოღუშული დილა. (ბიბ.ჩანაწერი № 49962)

000 -LEADER
fixed length control field 00860nam a2200241Ia 4500
001 - CONTROL NUMBER
control field 16898
003 - CONTROL NUMBER IDENTIFIER
control field GE_BSU
008 - FIXED-LENGTH DATA ELEMENTS--GENERAL INFORMATION
fixed length control field 181216s||||||||xx |||||||||||||| ||und||
040 ## - CATALOGING SOURCE
Transcribing agency GE_BSU
080 ## - UNIVERSAL DECIMAL CLASSIFICATION NUMBER
Universal Decimal Classification number 821.161.1-31
100 ## - MAIN ENTRY--PERSONAL NAME
Personal name ტოლსტოი, ა.
245 ## - TITLE STATEMENT
Title გზანი წამებისანი. წ. 3 : მოღუშული დილა.
245 ## - TITLE STATEMENT
Remainder of title ტრილოგია
245 ## - TITLE STATEMENT
Statement of responsibility, etc. თარგმნა ა. ბრეგაძემ ; თ. ბუაჩიძის წინასიტყვ.
260 ## - PUBLICATION, DISTRIBUTION, ETC.
Place of publication, distribution, etc. თბილისი
260 ## - PUBLICATION, DISTRIBUTION, ETC.
Name of publisher, distributor, etc. საბჭ. საქართველო
260 ## - PUBLICATION, DISTRIBUTION, ETC.
Date of publication, distribution, etc. 1970
300 ## - PHYSICAL DESCRIPTION
Extent 423 გვ. 21 სმ.
653 ## - INDEX TERM--UNCONTROLLED
Uncontrolled term გზანი წამებისანი
653 ## - INDEX TERM--UNCONTROLLED
Uncontrolled term მოღუშული დილა
653 ## - INDEX TERM--UNCONTROLLED
Uncontrolled term ტრილოგია
942 ## - ADDED ENTRY ELEMENTS (KOHA)
Koha item type წიგნი
ეგზემპლარები
Withdrawn status Lost status Damaged status Not for loan Date acquired Barcode Date last seen Price effective from Koha item type
        2018-12-17 21986 2018-12-17 2018-12-17 წიგნი
        2018-12-17 21987 2018-12-17 2018-12-17 წიგნი
        2018-12-17 21988 2018-12-17 2018-12-17 წიგნი
        2018-12-17 21989 2018-12-17 2018-12-17 წიგნი
        2018-12-17 21990 2018-12-17 2018-12-17 წიგნი
        2018-12-17 21991 2018-12-17 2018-12-17 წიგნი
        2018-12-17 21992 2018-12-17 2018-12-17 წიგნი